| 000 | 00885nam a2200277 a 4500 | ||
|---|---|---|---|
| 001 | 60772 | ||
| 003 | BD-RjUL | ||
| 005 | 20211209080900.0 | ||
| 008 | 170102s1973 fr b i000 0 eng | ||
| 020 | _a9231010689 | ||
| 020 | _a9232010682 | ||
| 035 | _a(BD-RjUL)60896 | ||
| 040 |
_aBD-RjUL _cBD-RjUL _dBD-RjUL _beng |
||
| 041 | _aeng | ||
| 082 | 0 | 0 |
_223 _a378.00904 _bPRE 1973 |
| 245 | 0 | 0 |
_aPresent problems in the democratization of secondary and higher education / _cby A. le Gall ... [et. all] |
| 260 |
_aParis : _bUnesco, _c1973. |
||
| 300 |
_a238 p. : _c24 cm. |
||
| 490 | 1 | _aDevelopment of higher education | |
| 504 | _aIncludes bibliographical references. | ||
| 650 | 0 |
_aEducation, Higher. _zSweden. _9181077 |
|
| 650 | 0 |
_aEducation _zSweden. _9181078 |
|
| 700 | 1 |
_aLe Gall, André, _d1904- _9181079 |
|
| 830 |
_aDevelopment of higher education _9181081 |
||
| 942 |
_2ddc _cBK |
||
| 999 |
_c60772 _d60772 |
||